Trouve les films par image - Difficile - Statistiques

Statistiques générales
  • Ce quiz a été pris 75 fois
  • Le résultat moyen est 9 sur 16
Statistiques - réponses
Par images Réponse % Correct
Parasite
86%
Les Evadés
83%
Le Silence des agneaux
83%
Psychose
81%
Elephant Man
78%
Taxi Driver
72%
Braveheart
64%
Il était une fois dans l'Ouest
54%
Reservoir Dogs
54%
Heat
52%
Requiem for a Dream
45%
Green Book
41%
Insomnia
23%
Rush
19%
American Gangster
16%
The Creator
4%
Aucun quiz correspondant
Distribution des résultats
% des personnes avec chaque résultat
Percentile par nombre de réponses
Votre historique - résultats
Vous n’avez pas pris ce quiz